[Event "Cappelle op 40th"]
[Site "Cappelle la Grande"]
[Date "2024.03.04"]
[Round "4"]
[White "Valsecchi, Alessio"]
[Black "Jablonicky, Martin"]
[Result "0-1"]
[WhiteElo "2490"]
[BlackElo "2393"]
[PlyCount "80"]
[EventDate "2024.03.02"]
[EventType "swiss"]
[EventRounds "9"]
[EventCountry "FRA"]
[SourceTitle "CB11_2024"]
[SourceDate "2024.03.13"]
[SourceVersion "1"]
[SourceVersionDate "2024.03.13"]
[SourceQuality "1"]

1. c4 e6 2. Nf3 Nf6 3. e3 b6 4. b3 Bb7 5. Bb2 g6 6. Be2 Bg7 7. 0-0 0-0 8. d3 d6 9. Qc2 Nbd7 10. Nc3 Qe7 11. Rad1 Ne8 12. d4 f5 13. Ne1 Nef6 14. b4 a5 15. b5 e5 16. Ba3 Rae8 17. c5 exd4 18. cxd6 cxd6 19. Rxd4 Nc5 20. Qd1 Ng4 21. Bxg4 fxg4 22. Rxd6 Rf7 23. Bxc5 bxc5 24. Ne2 Bd4 25. Rxd4 cxd4 26. Nxd4 Ref8 27. Qb3 Qe4 28. a4 Bd5 29. Qc3 h5 30. f3 gxf3 31. gxf3 Qe5 32. Qd3 Rc8 33. Rf2 Rc1 34. Qd2 Ra1 35. Rg2 Bxf3 36. Ndxf3 Rxf3 37. Qd8+ Kg7 38. Qd7+ Kh6 39. Qd2 Qxe3+ 40. Qxe3+ Rxe3 0-1

[Event "Cappelle op 40th"]
[Site "Cappelle la Grande"]
[Date "2024.03.04"]
[Round "3"]
[White "Zylka, Stanislaw"]
[Black "Valsecchi, Alessio"]
[Result "1/2-1/2"]
[WhiteElo "2401"]
[BlackElo "2490"]
[PlyCount "88"]
[EventDate "2024.03.02"]
[EventType "swiss"]
[EventRounds "9"]
[EventCountry "FRA"]
[SourceTitle "CB11_2024"]
[SourceDate "2024.03.13"]
[SourceVersion "1"]
[SourceVersionDate "2024.03.13"]
[SourceQuality "1"]

1. d4 d5 2. c4 e6 3. Nf3 Nd7 4. g3 dxc4 5. Bg2 Rb8 6. 0-0 b5 7. b3 Ngf6 8. bxc4 bxc4 9. Qc2 Ba6 10. Rd1 Nd5 11. a3 Be7 12. e4 N5b6 13. a4 0-0 14. Nc3 Bb4 15. Bf4 Nc8 16. Nb5 Bd6 17. Bg5 f6 18. Be3 Ndb6 19. Bh3 Qe8 20. e5 Bb7 21. exd6 Bxf3 22. Nxc7 Qh5 23. Bxe6+ Kh8 24. a5 f5 25. h4 Be4 26. Qxe4 fxe4 27. axb6 Nxb6 28. Re1 Rbd8 29. Rxa7 Rxd6 30. d5 Nd7 31. Nb5 Rxd5 32. Bxd7 Rxd7 33. Rxd7 Qxb5 34. Red1 Qa4 35. R1d4 Qc6 36. Bf4 c3 37. Rc7 Qb6 38. Rdc4 h6 39. Rxc3 Qe6 40. Be3 Rd8 41. Rc1 Qg4 42. Bf4 Re8 43. Be3 Rd8 44. Bf4 Re8 1/2-1/2

[Event "Cappelle op 40th"]
[Site "Cappelle la Grande"]
[Date "2024.03.03"]
[Round "2"]
[White "Valsecchi, Alessio"]
[Black "Houriez, Clement"]
[Result "1-0"]
[WhiteElo "2490"]
[BlackElo "2272"]
[PlyCount "77"]
[EventDate "2024.03.02"]
[EventType "swiss"]
[EventRounds "9"]
[EventCountry "FRA"]
[SourceTitle "CB11_2024"]
[SourceDate "2024.03.13"]
[SourceVersion "1"]
[SourceVersionDate "2024.03.13"]
[SourceQuality "1"]

1. e4 c6 2. d4 d5 3. e5 Bf5 4. Nd2 e6 5. Nb3 c5 6. Bb5+ Nc6 7. dxc5 Bxc5 8. Bxc6+ bxc6 9. Nxc5 Qa5+ 10. c3 Qxc5 11. Ne2 Qb6 12. b4 Qc7 13. Be3 f6 14. f4 fxe5 15. fxe5 Ne7 16. 0-0 0-0 17. Bc5 Be4 18. Rxf8+ Rxf8 19. Nd4 Rf7 20. Bd6 Qb6 21. Qa4 Ng6 22. Qxc6 Qxc6 23. Nxc6 Nf4 24. Re1 Bxg2 25. Nd8 Rf5 26. Nxe6 Nxe6 27. Kxg2 Rf4 28. Rb1 Rc4 29. Rb3 d4 30. cxd4 Rc2+ 31. Kg3 Rxa2 32. Rd3 g5 33. d5 Nf4 34. Rd1 Rg2+ 35. Kf3 Rxh2 36. e6 Rh4 37. Bxf4 Rxf4+ 38. Kg3 Kf8 39. d6 1-0

[Event "Trieste op 25th"]
[Site "Trieste"]
[Date "2023.09.02"]
[Round "1"]
[White "Valsecchi, Alessio"]
[Black "Christensen, Janus"]
[Result "1-0"]
[WhiteElo "2495"]
[BlackElo "2131"]
[PlyCount "101"]
[EventDate "2023.09.02"]
[EventType "swiss"]
[EventRounds "9"]
[EventCountry "ITA"]
[SourceTitle "EXT 2024"]
[Source "ChessBase"]
[SourceDate "2023.10.10"]
[SourceVersion "1"]
[SourceVersionDate "2023.10.10"]
[SourceQuality "1"]

1. c4 e6 2. Nf3 c5 3. g3 b6 4. Bg2 Bb7 5. 0-0 Nf6 6. Nc3 a6 7. Re1 d6 8. e4 Qc7 9. b3 Nbd7 10. d4 cxd4 11. Nxd4 Be7 12. Bb2 0-0 13. Rc1 Rfe8 14. h3 h5 15. Kh1 Rac8 16. f4 Bf8 17. Nf3 Qb8 18. Qe2 b5 19. cxb5 Rxc3 20. Bxc3 Nxe4 21. Kh2 axb5 22. Qxb5 Ndc5 23. Bd4 Qa8 24. Qe2 Ba6 25. Qe3 Nd3 26. Ng5 d5 27. Nxe4 Nxe1 28. Rxe1 dxe4 29. Bxe4 Bb7 30. Bb1 Rd8 31. Bc3 Qa6 32. Qe2 Qc6 33. Qc2 g6 34. Ba5 Qxc2+ 35. Bxc2 Rd5 36. Re5 Rd7 37. a4 h4 38. Re2 hxg3+ 39. Kxg3 g5 40. fxg5 Rd5 41. Bd2 Bd6+ 42. Kf2 Ba6 43. b4 Bg3+ 44. Kxg3 Bxe2 45. Be3 Bc4 46. h4 e5 47. h5 Bb3 48. Bxb3 Rd3 49. Bxf7+ Kxf7 50. Kf2 Rb3 51. Bc5 1-0

[Event "Pontevedra op 11th"]
[Site "Pontevedra"]
[Date "2023.07.30"]
[Round "9"]
[White "Valsecchi, Alessio"]
[Black "Valles Moreno, Ivan"]
[Result "1-0"]
[WhiteElo "2498"]
[BlackElo "2327"]
[PlyCount "91"]
[EventDate "2023.07.24"]
[EventType "swiss"]
[EventRounds "9"]
[EventCountry "ESP"]
[SourceTitle "CBM 215 Extra"]
[Source "ChessBase"]
[SourceDate "2023.09.30"]
[SourceVersion "1"]
[SourceVersionDate "2023.09.30"]
[SourceQuality "1"]

1. e4 e5 2. Nf3 Nc6 3. Bb5 a6 4. Ba4 d6 5. c3 Bd7 6. d4 Nge7 7. d5 Nb8 8. Bc2 a5 9. a4 Na6 10. Nbd2 c6 11. Nc4 Nc8 12. 0-0 Be7 13. Rb1 cxd5 14. exd5 Nc5 15. Be3 Nxa4 16. Bxa4 b5 17. Ncxe5 dxe5 18. Bc2 Bg4 19. Qd3 Bxf3 20. Qxb5+ Kf8 21. gxf3 Bd6 22. Ra1 Rb8 23. Qxa5 Qh4 24. Bc5 Qg5+ 25. Kh1 Qf6 26. Be4 g6 27. b4 Kg7 28. c4 Qh4 29. Rg1 Rf8 30. Rg2 f5 31. Bxd6 Nxd6 32. Qc7+ Kh6 33. Qxd6 fxe4 34. Rag1 Qh5 35. fxe4 Qf3 36. Qxe5 Rbe8 37. Qg5+ Kg7 38. e5 Rf5 39. Qe3 Rexe5 40. Qxf3 Rxf3 41. Rc1 h5 42. d6 h4 43. c5 Rd5 44. c6 h3 45. Rg3 Rf6 46. c7 1-0

[Event "Pontevedra op 11th"]
[Site "Pontevedra"]
[Date "2023.07.27"]
[Round "6"]
[White "Senthil, Maran K"]
[Black "Valsecchi, Alessio"]
[Result "0-1"]
[WhiteElo "2287"]
[BlackElo "2498"]
[PlyCount "66"]
[EventDate "2023.07.24"]
[EventType "swiss"]
[EventRounds "9"]
[EventCountry "ESP"]
[SourceTitle "CBM 215 Extra"]
[Source "ChessBase"]
[SourceDate "2023.09.30"]
[SourceVersion "1"]
[SourceVersionDate "2023.09.30"]
[SourceQuality "1"]

1. d4 Nf6 2. Nf3 c5 3. c4 cxd4 4. Nxd4 e5 5. Nb3 a5 6. Nc3 Bb4 7. Bd2 a4 8. Nc1 Nc6 9. e3 a3 10. bxa3 Bxc3 11. Bxc3 Ne4 12. Bb4 Rxa3 13. Bd2 0-0 14. Bd3 d5 15. cxd5 Qxd5 16. Bxe4 Qxe4 17. 0-0 Rd8 18. Nb3 Qd3 19. Qc1 Rxb3 20. axb3 Qxd2 21. Qxd2 Rxd2 22. Ra8 Rd8 23. f4 Kf8 24. Rc1 Ke7 25. b4 Be6 26. Rxd8 Kxd8 27. Rc5 exf4 28. exf4 g6 29. g3 Bd7 30. Rb5 Kc7 31. Kf2 b6 32. Ke3 Be6 33. f5 Bxf5 0-1

[Event "ITA-chT GpA 54th"]
[Site "Bacoli"]
[Date "2023.04.26"]
[Round "2"]
[White "Lapiccirella, Daniele"]
[Black "Valsecchi, Alessio"]
[Result "0-1"]
[WhiteElo "2139"]
[BlackElo "2487"]
[PlyCount "74"]
[EventDate "2023.04.25"]
[EventType "team-tourn"]
[EventRounds "7"]
[EventCountry "ITA"]
[SourceTitle "CBM 213 Extra"]
[Source "ChessBase"]
[SourceDate "2023.05.31"]
[SourceVersion "1"]
[SourceVersionDate "2023.05.31"]
[SourceQuality "1"]
[WhiteTeam "Cerianese Scacchistica"]
[BlackTeam "Padova Obiettivo"]
[WhiteTeamCountry "ITA"]
[BlackTeamCountry "ITA"]

1. d4 e6 2. c4 b6 3. Nc3 Bb7 4. Nf3 f5 5. e3 Nf6 6. Bd3 Bb4 7. 0-0 0-0 8. Ne2 Bd6 9. Ng3 a5 10. Qe2 Ne4 11. Ne5 Qh4 12. Qh5 Qxh5 13. Nxh5 Bxe5 14. dxe5 Nc6 15. f4 Nb4 16. Bxe4 Bxe4 17. Bd2 Bd3 18. Bxb4 axb4 19. Rf2 Bxc4 20. Rc1 Bb5 21. Rxc7 Rxa2 22. Rd2 Rfa8 23. Ng3 Ra1+ 24. Kf2 Rb1 25. e4 fxe4 26. Nxe4 h6 27. Nd6 Bc6 28. f5 Rf8 29. Kg3 Ba4 30. fxe6 dxe6 31. Nc4 Rc1 32. Ra7 Rxc4 33. Rxa4 Re4 34. Rf2 Rxf2 35. Kxf2 b5 36. Ra7 Rxe5 37. Rb7 Rc5 0-1

[Event "ITA-chT GpA 54th"]
[Site "Bacoli"]
[Date "2023.04.25"]
[Round "1"]
[White "Valsecchi, Alessio"]
[Black "Luciani, Valerio"]
[Result "1-0"]
[WhiteElo "2487"]
[BlackElo "2118"]
[PlyCount "67"]
[EventDate "2023.04.25"]
[EventType "team-tourn"]
[EventRounds "7"]
[EventCountry "ITA"]
[SourceTitle "CBM 213 Extra"]
[Source "ChessBase"]
[SourceDate "2023.05.31"]
[SourceVersion "1"]
[SourceVersionDate "2023.05.31"]
[SourceQuality "1"]
[WhiteTeam "Padova Obiettivo"]
[BlackTeam "Il Grifone Di Arzignano"]
[WhiteTeamCountry "ITA"]
[BlackTeamCountry "ITA"]

1. c4 c6 2. e4 d5 3. exd5 cxd5 4. cxd5 Nf6 5. Nc3 g6 6. Bb5+ Bd7 7. Bc4 Bg7 8. Qb3 Bc8 9. Nf3 0-0 10. h3 Nbd7 11. d3 Nc5 12. Qa3 Ncd7 13. 0-0 Nb6 14. Qb3 Ne8 15. a4 Nd6 16. Re1 Bd7 17. Bg5 Re8 18. a5 Nbc8 19. Qb4 b6 20. a6 b5 21. Bb3 Bf5 22. Bc2 Nb6 23. Nd4 Bf8 24. Ndxb5 Nxb5 25. Qxb5 Qd6 26. Bb3 Bg7 27. Ne4 Bxe4 28. Rxe4 Bxb2 29. Rae1 Bf6 30. Bf4 Qd8 31. Rc1 Rc8 32. Rc6 Kg7 33. d6 e6 34. Rxb6 1-0

[Event "EU-ch 23rd"]
[Site "Vrnjacka Banja"]
[Date "2023.03.12"]
[Round "10"]
[White "Valsecchi, Alessio"]
[Black "Ben Ari, Yannay"]
[Result "1/2-1/2"]
[WhiteElo "2505"]
[BlackElo "2411"]
[PlyCount "117"]
[EventDate "2023.03.03"]
[EventType "swiss"]
[EventRounds "11"]
[EventCountry "SRB"]
[SourceTitle "CBM 213"]
[Source "ChessBase"]
[SourceDate "2023.04.30"]
[SourceVersion "1"]
[SourceVersionDate "2023.04.30"]
[SourceQuality "1"]

1. e4 c5 2. c3 Nf6 3. e5 Nd5 4. Nf3 Nc6 5. Bc4 Nb6 6. Bb3 d6 7. exd6 Qxd6 8. 0-0 Be6 9. Bxe6 Qxe6 10. a4 Qd7 11. a5 Nd5 12. d4 cxd4 13. Nxd4 e6 14. Nxc6 Qxc6 15. Ra4 Rd8 16. Bg5 f6 17. Bd2 Be7 18. Qb3 0-0 19. c4 Nc7 20. Be3 Na6 21. Nc3 Bc5 22. Nb5 Bxe3 23. Qxe3 Nc5 24. Ra3 a6 25. Nd4 Qd6 26. Ne2 e5 27. Nc3 Qd4 28. Nd5 Qxc4 29. Ne7+ Kf7 30. Nf5 Qe4 31. Qh3 Rh8 32. Rc3 Ne6 33. Rfc1 Rd7 34. Nxg7 Qd5 35. Qxe6+ Qxe6 36. Nxe6 Kxe6 37. g3 Rhd8 38. Rb3 Rd1+ 39. Rxd1 Rxd1+ 40. Kg2 Rd7 41. Rb6+ Kf5 42. Kf3 h5 43. h3 Rd5 44. b4 Rd7 45. Ke3 Kg5 46. h4+ Kf5 47. f3 Rg7 48. Kf2 Rd7 49. Ke3 Rg7 50. b5 axb5 51. Rxb5 Rd7 52. Rb4 Rg7 53. Rb6 Rd7 54. Rb5 Rc7 55. Kd3 Rg7 56. Ke3 Rd7 57. Rb6 Rd5 58. Rxb7 Rxa5 59. Rb2 1/2-1/2

[Event "EU-ch 23rd"]
[Site "Vrnjacka Banja"]
[Date "2023.03.09"]
[Round "7"]
[White "Maltsevskaya, Aleksandra"]
[Black "Valsecchi, Alessio"]
[Result "1-0"]
[WhiteElo "2388"]
[BlackElo "2505"]
[PlyCount "81"]
[EventDate "2023.03.03"]
[EventType "swiss"]
[EventRounds "11"]
[EventCountry "SRB"]
[SourceTitle "CBM 213"]
[Source "ChessBase"]
[SourceDate "2023.04.30"]
[SourceVersion "1"]
[SourceVersionDate "2023.04.30"]
[SourceQuality "1"]

1. e4 e5 2. Bc4 Nf6 3. Nc3 Nc6 4. d3 Na5 5. Bb3 Nxb3 6. axb3 Bb4 7. f4 d5 8. fxe5 Ng4 9. d4 dxe4 10. Nge2 c5 11. h3 cxd4 12. hxg4 dxc3 13. Qxd8+ Kxd8 14. bxc3 Bc5 15. g5 Bf5 16. Nd4 Bg6 17. Be3 Re8 18. e6 f6 19. gxf6 gxf6 20. Rf1 Ke7 21. g4 Rac8 22. Ke2 a6 23. Nf5+ Kf8 24. Bh6+ Kg8 25. b4 Bxb4 26. cxb4 Rxc2+ 27. Ke3 Rxe6 28. Rad1 Rc3+ 29. Kf4 Rd3 30. Rc1 e3 31. Rc8+ Re8 32. Rxe8+ Bxe8 33. Nxe3 Rd4+ 34. Kg3 Kf7 35. g5 Rd6 36. Ng4 Bb5 37. Rf4 Re6 38. Nxf6 Kg6 39. Kh4 Bd3 40. Nd7 Re4 41. Nf8# 1-0

[Event "EU-ch 23rd"]
[Site "Vrnjacka Banja"]
[Date "2023.03.08"]
[Round "6"]
[White "Valsecchi, Alessio"]
[Black "Roebers, Eline"]
[Result "1/2-1/2"]
[WhiteElo "2505"]
[BlackElo "2362"]
[PlyCount "111"]
[EventDate "2023.03.03"]
[EventType "swiss"]
[EventRounds "11"]
[EventCountry "SRB"]
[SourceTitle "CBM 213"]
[Source "ChessBase"]
[SourceDate "2023.04.30"]
[SourceVersion "1"]
[SourceVersionDate "2023.04.30"]
[SourceQuality "1"]

1. e4 e6 2. d4 d5 3. Nc3 Bb4 4. exd5 exd5 5. Bd3 Nf6 6. Bg5 0-0 7. Nge2 Nbd7 8. 0-0 c6 9. a3 Be7 10. Ng3 Re8 11. Nf5 Bf8 12. Qf3 h6 13. Bd2 Nb6 14. Rae1 Be6 15. Qg3 Kh8 16. Bc1 Nc4 17. Qh4 Ng8 18. Qxd8 Raxd8 19. Ne2 Nd6 20. Nfg3 g6 21. c3 Bg7 22. a4 Bc8 23. b3 f5 24. f3 g5 25. Nh5 Nf6 26. Nxg7 Kxg7 27. Ba3 f4 28. Nc1 Nf5 29. Re5 Ne3 30. Re1 Rxe5 31. dxe5 Nd7 32. e6 Ne5 33. e7 Re8 34. Bd6 Nxd3 35. Nxd3 Nf5 36. Ba3 Kf6 37. Kf2 b6 38. Ne5 c5 39. Ng4+ Kg7 40. b4 Rxe7 41. Rxe7+ Nxe7 42. bxc5 Nc6 43. h4 Bxg4 44. fxg4 Ne5 45. hxg5 hxg5 46. cxb6 axb6 47. Be7 Kg6 48. Bd8 Nd3+ 49. Ke2 Nb2 50. Bxb6 Nxa4 51. Bd4 Nb2 52. g3 fxg3 53. Kf3 Nc4 54. Kxg3 Kf7 55. Kg2 Ke6 56. Kg3 1/2-1/2

[Event "EU-ch 23rd"]
[Site "Vrnjacka Banja"]
[Date "2023.03.06"]
[Round "4"]
[White "Valsecchi, Alessio"]
[Black "Suarez Uriel, Adrian"]
[Result "0-1"]
[WhiteElo "2505"]
[BlackElo "2370"]
[PlyCount "130"]
[EventDate "2023.03.03"]
[EventType "swiss"]
[EventRounds "11"]
[EventCountry "SRB"]
[SourceTitle "CBM 213"]
[Source "ChessBase"]
[SourceDate "2023.04.30"]
[SourceVersion "1"]
[SourceVersionDate "2023.04.30"]
[SourceQuality "1"]

1. e4 c5 2. Nf3 d6 3. d4 cxd4 4. Nxd4 Nf6 5. Nc3 a6 6. f3 e5 7. Nb3 Be6 8. Be3 Be7 9. Qd2 h5 10. Be2 Nbd7 11. Nd5 Bxd5 12. exd5 Qc7 13. c4 a5 14. Rc1 a4 15. Na1 e4 16. Nc2 exf3 17. gxf3 Ne5 18. Nd4 Qd7 19. 0-0 Kf8 20. Kh1 h4 21. f4 Neg4 22. Bg1 Ne4 23. Qd3 Ng3+ 24. hxg3 hxg3+ 25. Kg2 Ne3+ 26. Kf3 Nxf1 27. Bxf1 Bf6 28. Nf5 Re8 29. c5 dxc5 30. Rxc5 b6 31. Rc6 Rh5 32. Nxg3 Rxd5 33. Qc4 b5 34. Qc2 Rd2 35. Qc5+ Kg8 36. Rxf6 gxf6 37. Bxb5 Qb7+ 38. Qc6 Qxc6+ 39. Bxc6 Rd3+ 40. Kg2 Rd2+ 41. Bf2 Rc8 42. Bxa4 Rc4 43. Bb5 Rxf4 44. Be2 Rxb2 45. a3 Ra4 46. Bc5 Rg4 47. Kf3 Rxg3+ 48. Kxg3 Rxe2 49. Kf4 Kg7 50. Bb4 Kg6 51. Kf3 Rc2 52. Kf4 Rc4+ 53. Kf3 Kf5 54. Ke3 Kg4 55. Kd3 Rf4 56. Kc3 Rf3+ 57. Kc4 Rf1 58. a4 Ra1 59. a5 f5 60. Bc3 Ra2 61. Kb3 Re2 62. a6 f4 63. Kc4 Ra2 64. Kb5 f3 65. Bd4 f2 0-1

[Event "EU-ch 23rd"]
[Site "Vrnjacka Banja"]
[Date "2023.03.04"]
[Round "2"]
[White "Valsecchi, Alessio"]
[Black "Bashirov, Kemal"]
[Result "1-0"]
[WhiteElo "2505"]
[BlackElo "2188"]
[PlyCount "87"]
[EventDate "2023.03.03"]
[EventType "swiss"]
[EventRounds "11"]
[EventCountry "SRB"]
[SourceTitle "CBM 213"]
[Source "ChessBase"]
[SourceDate "2023.04.30"]
[SourceVersion "1"]
[SourceVersionDate "2023.04.30"]
[SourceQuality "1"]

1. d4 Nf6 2. Nf3 e6 3. Nbd2 d5 4. e3 Bd6 5. b3 0-0 6. Bb2 b6 7. Bd3 Bb7 8. 0-0 Nbd7 9. c4 Ne4 10. Rc1 a6 11. Qc2 f5 12. cxd5 exd5 13. Ne5 c5 14. Ndf3 Ndf6 15. Qe2 Qe8 16. Nh4 g6 17. f3 Ng5 18. f4 Nge4 19. Nhf3 Qe7 20. Ba1 Rfc8 21. dxc5 Bxc5 22. Nd4 b5 23. g4 fxg4 24. Bxe4 dxe4 25. Nxg4 Nxg4 26. Qxg4 Rf8 27. Qe2 Rac8 28. Qd2 Rfd8 29. Kh1 Bxd4 30. Bxd4 Rxc1 31. Rxc1 Qd7 32. Qg2 Rc8 33. Rf1 Qf5 34. a3 Bd5 35. Ba1 Kf8 36. Qd2 Qh3 37. Rf2 Be6 38. f5 gxf5 39. Bb2 Qh4 40. Qd6+ Qe7 41. Qe5 Ke8 42. Rg2 Rd8 43. Bd4 Rc8 44. Rg7 1-0

[Event "Norway Chess op-A"]
[Site "Stavanger"]
[Date "2022.06.10"]
[Round "9"]
[White "Mikhalevski, Victor"]
[Black "Valsecchi, Alessio"]
[Result "0-1"]
[WhiteElo "2551"]
[BlackElo "2504"]
[PlyCount "68"]
[EventDate "2022.06.03"]
[EventType "swiss"]
[EventRounds "9"]
[EventCountry "NOR"]
[SourceTitle "CBM 208 Extra"]
[Source "ChessBase"]
[SourceDate "2022.07.31"]
[SourceVersion "1"]
[SourceVersionDate "2022.07.31"]
[SourceQuality "1"]

1. c4 e6 2. g3 d5 3. Bg2 Nf6 4. Nf3 d4 5. d3 c5 6. e4 Nc6 7. e5 Nd7 8. Qe2 Be7 9. 0-0 g5 10. Nbd2 g4 11. Nh4 Ndxe5 12. f4 Ng6 13. Bxc6+ bxc6 14. Ne4 Nxh4 15. gxh4 f5 16. Ng5 Qd6 17. Re1 h6 18. Nxe6 Kf7 19. Ng5+ hxg5 20. fxg5 Bd8 21. Rf1 Rxh4 22. Bf4 Qe6 23. Qg2 Bd7 24. Bg3 Bxg5 25. Bxh4 Bxh4 26. Rxf5+ Qxf5 27. Rf1 Re8 28. Rxf5+ Bxf5 29. Qxc6 Re1+ 30. Kg2 Bxd3 31. Qd7+ Re7 32. Qxg4 Re2+ 33. Kg1 Re1+ 34. Kg2 Bf1+ 0-1

[Event "Norway Chess op-A"]
[Site "Stavanger"]
[Date "2022.06.09"]
[Round "8"]
[White "Valsecchi, Alessio"]
[Black "Chatalbashev, Boris"]
[Result "1-0"]
[WhiteElo "2504"]
[BlackElo "2529"]
[PlyCount "101"]
[EventDate "2022.06.03"]
[EventType "swiss"]
[EventRounds "9"]
[EventCountry "NOR"]
[SourceTitle "CBM 208 Extra"]
[Source "ChessBase"]
[SourceDate "2022.07.31"]
[SourceVersion "1"]
[SourceVersionDate "2022.07.31"]
[SourceQuality "1"]

1. d4 Nf6 2. c4 e6 3. Nc3 d5 4. Nf3 c5 5. cxd5 Nxd5 6. e3 Nc6 7. Bd3 cxd4 8. exd4 Be7 9. 0-0 0-0 10. Re1 Bf6 11. Be4 Nce7 12. Qd3 Ng6 13. Bd2 Rb8 14. Rad1 b5 15. Bxg6 hxg6 16. Ne4 Bb7 17. Ne5 Ne7 18. Nxf6+ gxf6 19. Ng4 Nd5 20. Rxe6 Bc8 21. Nh6+ Kg7 22. Nf5+ Kg8 23. Rd6 Bxf5 24. Rxd8 Bxd3 25. Rxd5 Bc4 26. Rc5 Rfd8 27. Ba5 Rd7 28. d5 Bxa2 29. Bc3 Rb6 30. g4 g5 31. Rc8+ Kg7 32. Re1 b4 33. Ree8 Bb1 34. Bd4 Rxd5 35. Rg8+ Kh6 36. Bxb6 axb6 37. Rgd8 Ra5 38. Rd6 Kg7 39. Rxb6 f5 40. gxf5 Bxf5 41. Rc1 Be4 42. Rxb4 Bf3 43. h3 Kg6 44. Rb3 Be4 45. Re3 f5 46. b4 Ra2 47. f3 Ba8 48. Rc7 f4 49. Rd3 g4 50. hxg4 Rb2 51. Ra7 1-0

[Event "Norway Chess op-A"]
[Site "Stavanger"]
[Date "2022.06.06"]
[Round "5"]
[White "Wachinger, Nikolas"]
[Black "Valsecchi, Alessio"]
[Result "1/2-1/2"]
[WhiteElo "2422"]
[BlackElo "2504"]
[PlyCount "79"]
[EventDate "2022.06.03"]
[EventType "swiss"]
[EventRounds "9"]
[EventCountry "NOR"]
[SourceTitle "CBM 208 Extra"]
[Source "ChessBase"]
[SourceDate "2022.07.31"]
[SourceVersion "1"]
[SourceVersionDate "2022.07.31"]
[SourceQuality "1"]

1. e4 e5 2. Nf3 Nc6 3. Bb5 a6 4. Ba4 Nf6 5. 0-0 b5 6. Bb3 Bb7 7. d3 Bc5 8. a4 0-0 9. Bg5 h6 10. Bh4 Be7 11. Na3 Na5 12. Ba2 b4 13. Nc4 Nxc4 14. Bxc4 Nh7 15. Bg3 d6 16. d4 Nf6 17. dxe5 Nxe4 18. Bd5 Nxg3 19. fxg3 Bxd5 20. Qxd5 dxe5 21. Qxd8 Raxd8 22. Nxe5 Bf6 23. Nc6 Rd6 24. Nxb4 c5 25. Nd3 c4 26. Nf2 Rd2 27. c3 Re8 28. Rfe1 Rxe1+ 29. Rxe1 Rxb2 30. Re8+ Kh7 31. Ne4 Rc2 32. Nxf6+ gxf6 33. Ra8 Kg6 34. g4 Kg5 35. Rxa6 Rxc3 36. a5 Ra3 37. Rc6 c3 38. Rc4 Rxa5 39. Rxc3 Kxg4 40. Rc7 1/2-1/2

[Event "EU-ch 22nd"]
[Site "Terme Catez"]
[Date "2022.04.05"]
[Round "10"]
[White "Salimova, Nurgyul"]
[Black "Valsecchi, Alessio"]
[Result "1-0"]
[WhiteElo "2399"]
[BlackElo "2524"]
[PlyCount "79"]
[EventDate "2022.03.27"]
[EventType "swiss"]
[EventRounds "11"]
[EventCountry "SLO"]
[SourceTitle "CBM 208"]
[Source "ChessBase"]
[SourceDate "2022.06.30"]
[SourceVersion "1"]
[SourceVersionDate "2022.06.30"]
[SourceQuality "1"]

1. d4 Nf6 2. Nf3 g6 3. Nbd2 d5 4. e3 Bg7 5. b4 0-0 6. c4 a5 7. b5 a4 8. Ba3 c6 9. Rc1 Bg4 10. cxd5 cxb5 11. d6 exd6 12. Bxb5 Qa5 13. Bd3 Bxf3 14. gxf3 Rd8 15. Kf1 Nc6 16. h4 Bf8 17. Kg2 Nd5 18. Ne4 Ncb4 19. Bc4 b5 20. Bxb4 Nxb4 21. Bxf7+ Kxf7 22. h5 Bg7 23. hxg6+ hxg6 24. Ng5+ Kg8 25. a3 Rdc8 26. Rxc8+ Rxc8 27. axb4 Qd8 28. f4 Qd7 29. Kg3 Qc6 30. Qg4 Re8 31. Qh3 Kf8 32. f5 Qc2 33. Ne6+ Kf7 34. Nxg7 Rg8 35. f6 Qe4 36. Qd7+ Kxf6 37. Rh4 Rxg7 38. Qxg7+ Kxg7 39. Rxe4 Kf7 40. Rh4 1-0

[Event "EU-ch 22nd"]
[Site "Terme Catez"]
[Date "2022.04.01"]
[Round "6"]
[White "Moussard, Jules"]
[Black "Valsecchi, Alessio"]
[Result "1-0"]
[WhiteElo "2630"]
[BlackElo "2524"]
[PlyCount "67"]
[EventDate "2022.03.27"]
[EventType "swiss"]
[EventRounds "11"]
[EventCountry "SLO"]
[SourceTitle "CBM 208"]
[Source "ChessBase"]
[SourceDate "2022.06.30"]
[SourceVersion "1"]
[SourceVersionDate "2022.06.30"]
[SourceQuality "1"]

1. e4 c5 2. Nf3 Nc6 3. Bb5 g6 4. 0-0 Bg7 5. c3 Nf6 6. Re1 0-0 7. h3 e5 8. d3 d6 9. Ba4 Bd7 10. Be3 a6 11. Bc2 Rc8 12. a3 Qc7 13. Nbd2 Nd8 14. Rc1 Ne6 15. Bb3 b5 16. Ng5 Nh5 17. Nxe6 fxe6 18. c4 Nf4 19. Nf3 bxc4 20. Bxc4 Qb7 21. b4 d5 22. exd5 exd5 23. Bxf4 dxc4 24. Bxe5 Bxe5 25. Nxe5 cxd3 26. Nxd3 Bc6 27. Nxc5 Qf7 28. Qb3 Bd5 29. Qg3 Rc6 30. Nd3 Rxc1 31. Rxc1 Ba8 32. Rc7 Qd5 33. Ne5 Qd6 34. Nd7 1-0

[Event "EU-ch 22nd"]
[Site "Terme Catez"]
[Date "2022.03.31"]
[Round "5"]
[White "Valsecchi, Alessio"]
[Black "Dobrovoljc, Vid"]
[Result "1-0"]
[WhiteElo "2524"]
[BlackElo "2406"]
[PlyCount "181"]
[EventDate "2022.03.27"]
[EventType "swiss"]
[EventRounds "11"]
[EventCountry "SLO"]
[SourceTitle "CBM 208"]
[Source "ChessBase"]
[SourceDate "2022.06.30"]
[SourceVersion "1"]
[SourceVersionDate "2022.06.30"]
[SourceQuality "1"]

1. e4 e5 2. Nf3 Nc6 3. Bb5 Nf6 4. d3 Bc5 5. Bxc6 dxc6 6. Nbd2 Be6 7. 0-0 Nd7 8. Nb3 Bb6 9. Ng5 Bxb3 10. axb3 f6 11. Nf3 Nf8 12. Nh4 Qd7 13. Be3 Rd8 14. Bxb6 axb6 15. Ra7 Ne6 16. Qh5+ Qf7 17. Qxf7+ Kxf7 18. Nf5 Ra8 19. Rfa1 Rab8 20. g3 Rhd8 21. Kg2 g6 22. Ne3 Kg7 23. R7a3 b5 24. Ra7 Rf8 25. f3 h5 26. b4 Rfd8 27. R1a3 Rd4 28. Rb3 Rdd8 29. Kf2 Kh6 30. Rba3 Rd4 31. Ra8 Rxa8 32. Rxa8 Rxb4 33. Re8 Nc5 34. b3 Rd4 35. f4 exf4 36. gxf4 f5 37. exf5 Rxf4+ 38. Kg3 Rd4 39. h4 Kg7 40. Re5 Nd7 41. Re7+ Kf8 42. Rh7 gxf5 43. Nxf5 Rg4+ 44. Kh3 Rf4 45. Rxh5 Nf6 46. Rg5 Rf2 47. Nd4 Kf7 48. Kg3 Rf1 49. Rf5 Rg1+ 50. Kf2 Rc1 51. Kg2 Kg6 52. Rg5+ Kh6 53. Kf3 Nd5 54. Nf5+ Kh7 55. c4 Nb4 56. Rg7+ Kh8 57. Rxc7 Rc3 58. h5 bxc4 59. bxc4 Nxd3 60. Rc8+ Kh7 61. Ke4 Nf2+ 62. Kd4 Rh3 63. Rc7+ Kh8 64. h6 Ng4 65. Rxb7 Rh5 66. Ke4 Nxh6 67. Nxh6 Rxh6 68. Ke5 Kg8 69. Re7 Kf8 70. Re6 Rh5+ 71. Kd6 c5 72. Re1 Rg5 73. Re4 Kf7 74. Re7+ Kf8 75. Rc7 Rg6+ 76. Kxc5 Ke8 77. Rc6 Rg5+ 78. Kb6 Kd7 79. c5 Rg1 80. Rc7+ Kd8 81. Rh7 Rb1+ 82. Kc6 Rc1 83. Rh8+ Ke7 84. Rc8 Rb1 85. Kc7 Ra1 86. c6 Ke6 87. Rh8 Ke7 88. Rh2 Re1 89. Rb2 Re6 90. Kb7 Kd6 91. c7 1-0